[Event "C.to Italiano di Categoria B"]
[Site "Civitanova Marche ITA"]
[Date "2012.07.19"]
[Round "5"]
[White "Teutsch, Alexander"]
[Black "Renzi, Marco"]
[WhiteElo "2089"]
[BlackElo "1983"]
[Result "1-0"]
[PlyCount "77"]
[EventDate "2012.07.15"]

1. d4 d5 2. c4 c6 3. cxd5 cxd5 4. Nc3 Nf6 5. Nf3 Nc6 6. Bf4 Qb6 7. a3 Bf5 8.
Na4 Qa5+ 9. b4 Qd8 10. Rc1 e6 11. b5 Bxa3 12. bxc6 Bxc1 13. c7 Qe7 14. Qxc1 O-O
15. Qc5 Qd7 16. Nc3 Ne4 17. Nxe4 Bxe4 18. Ne5 Qa4 19. f3 Bf5 20. g4 Bc2 21. Bg2
b6 22. Qc3 b5 23. Nc6 Qc4 24. Ne7+ Kh8 25. Kd2 Bg6 26. Rc1 a5 27. Qb2 Qa4 28.
c8=Q Raxc8 29. Rxc8 Rxc8 30. Nxc8 b4 31. Nd6 h6 32. h4 h5 33. e4 dxe4 34. fxe4
hxg4 35. Bf1 b3 36. Bc4 Qc6 37. Qxb3 Bxe4 38. Nxf7+ Kh7 39. Ng5+ 1-0

[Event "C.to Italiano di Categoria B"]
[Site "Civitanova Marche ITA"]
[Date "2012.07.19"]
[Round "5"]
[White "Vesce, Emanuele"]
[Black "Benaglia, Giovanni"]
[WhiteElo "1872"]
[BlackElo "1980"]
[Result "1-0"]
[PlyCount "61"]
[EventDate "2012.07.15"]

1. e4 g6 2. d4 Bg7 3. Nc3 d6 4. Be3 Nd7 5. Qd2 a6 6. h4 h5 7. O-O-O b5 8. f4
Nh6 9. Be2 Ng4 10. Bxg4 hxg4 11. d5 b4 12. Nce2 Nc5 13. Ng3 Bd7 14. Bd4 f6 15.
Qe3 e5 16. dxe6 Nxe6 17. Nf5 Nxd4 18. Nxg7+ Kf7 19. Qxd4 Kxg7 20. e5 Bc6 21.
Rh2 fxe5 22. fxe5 dxe5 23. Qxe5+ Qf6 24. Qxc7+ Kh6 25. g3 Rac8 26. Qb6 Rb8 27.
Qe3+ Kh7 28. Rf2 Bf3 29. Rd7+ Kg8 30. Nxf3 gxf3 31. Qb3+ 1-0

[Event "C.to Italiano di Categoria B"]
[Site "Civitanova Marche ITA"]
[Date "2012.07.20"]
[Round "6"]
[White "Andrenelli, Adriano"]
[Black "Raselli, Claudio"]
[WhiteElo "1934"]
[BlackElo "1890"]
[Result "0-1"]
[PlyCount "86"]
[EventDate "2012.07.15"]

1. Nf3 f5 2. e4 fxe4 3. Ng5 Nf6 4. d3 e3 5. Bxe3 e5 6. d4 e4 7. Nd2 d5 8. Be2
Be7 9. c4 c6 10. cxd5 cxd5 11. Bb5+ Nc6 12. Rc1 O-O 13. Bxc6 bxc6 14. Qb3 Kh8
15. Rxc6 Ng4 16. h4 h6 17. Ne6 Bxe6 18. Rxe6 Rb8 19. Qc3 Qd7 20. Qc6 Qxc6 21.
Rxc6 Nxe3 22. fxe3 Rxb2 23. g3 Rxa2 24. Rh2 Rb8 25. Re2 Rbb2 26. Rc1 Bb4 27.
Rd1 Kg8 28. Rf2 Rxd2 29. Rfxd2 Rxd2 30. Rxd2 Kf7 31. Ke2 Bxd2 32. Kxd2 Ke6 33.
Kc3 a5 34. Kb3 Kf5 35. Ka4 Kg4 36. Kb5 Kf3 37. Kc5 a4 38. Kxd5 a3 39. Ke6 a2
40. d5 a1=Q 41. d6 Kxe3 42. d7 Qf6+ 43. Kd5 Kd3 0-1

[Event "C.to Italiano di Categoria B"]
[Site "Civitanova Marche ITA"]
[Date "2012.07.20"]
[Round "6"]
[White "Bellincampi, Stefano"]
[Black "Gattafoni, Alessio"]
[WhiteElo "2069"]
[BlackElo "1985"]
[Result "1/2-1/2"]
[PlyCount "91"]
[EventDate "2012.07.15"]

1. e4 e6 2. d4 d5 3. Nd2 dxe4 4. Nxe4 Nf6 5. Nxf6+ Qxf6 6. Nf3 h6 7. Be3 Nd7 8.
Qd2 Bd6 9. O-O-O O-O 10. Be2 b6 11. g4 Bb7 12. g5 Qf5 13. gxh6 Bxf3 14. hxg7
Rfd8 15. Rhg1 Nf6 16. Rg5 Qh3 17. Rg3 Bxg3 18. Bxf3 Bf4 19. Bxa8 Bxe3 20. fxe3
Rxa8 21. Qe2 Ng4 22. Re1 Rd8 23. Kd2 Qxh2 24. Qxh2 Nxh2 25. Rh1 Nf3+ 26. Ke2
Nxd4+ 27. exd4 Rxd4 28. Rg1 Rh4 29. Rg3 c5 30. Kd2 Rh7 31. Ra3 Rxg7 32. Rxa7
Rg4 33. a4 Kf8 34. a5 bxa5 35. Rxa5 Rg5 36. Ra7 Rd5+ 37. Ke2 Kg7 38. Rc7 Kg6
39. c3 f5 40. Rc8 Kf6 41. Ke3 c4 42. Rxc4 Rb5 43. b4 Ke5 44. Rc8 Rb7 45. Rc5+
Kd6 46. Rc8 1/2-1/2

[Event "C.to Italiano di Categoria B"]
[Site "Civitanova Marche ITA"]
[Date "2012.07.20"]
[Round "6"]
[White "Benaglia, Giovanni"]
[Black "Fratini, Mauro"]
[WhiteElo "1980"]
[BlackElo "1862"]
[Result "0-1"]
[PlyCount "120"]
[EventDate "2012.07.15"]

1. d4 Nf6 2. Bg5 d5 3. e3 Bf5 4. Bxf6 exf6 5. Bd3 Be6 6. Qf3 c6 7. Nc3 Qb6 8.
Nge2 Na6 9. a3 Bd6 10. O-O Qc7 11. Ng3 h5 12. Nf5 Bxh2+ 13. Kh1 Bxf5 14. Qxf5
Bd6 15. e4 dxe4 16. Nxe4 Be7 17. Rfe1 Qd7 18. Nxf6+ gxf6 19. Qxf6 Rg8 20. Bf5
Kd8 21. Qxf7 Rf8 22. Qxf8+ Bxf8 23. Bxd7 Kxd7 24. Re5 h4 25. Rae1 Nc7 26. Rh5
Be7 27. Rh7 Re8 28. Re4 Kd8 29. f4 Nd5 30. c4 Nf6 31. Rexe7 Rxe7 32. Rxh4 Re4
33. d5 cxd5 34. cxd5 Nxd5 35. Rh7 Ne7 36. g3 Re1+ 37. Kg2 Re2+ 38. Kf3 Rxb2 39.
g4 Rb3+ 40. Ke4 Rxa3 41. f5 Ke8 42. f6 Ra4+ 43. Kf3 Ng6 44. g5 b5 45. Rg7 Nh4+
46. Ke2 Kf8 47. Rb7 b4 48. Rh7 Ng6 49. Rg7 Nf4+ 50. Kf3 Nd5 51. g6 Nxf6 52.
Rf7+ Kg8 53. Rxf6 Kg7 54. Rd6 Ra1 55. Ke4 b3 56. Kf5 Rf1+ 57. Kg5 b2 58. Rd7+
Kg8 59. Rd8+ Rf8 60. Rd1 Rb8 0-1

[Event "C.to Italiano di Categoria B"]
[Site "Civitanova Marche ITA"]
[Date "2012.07.20"]
[Round "6"]
[White "Capito', Mario"]
[Black "Miandro, Roberto"]
[WhiteElo "1857"]
[BlackElo "2093"]
[Result "0-1"]
[PlyCount "38"]
[EventDate "2012.07.15"]

1. e4 c5 2. Nc3 Nc6 3. f4 g6 4. Nf3 Bg7 5. g3 d6 6. Bg2 e6 7. d3 Nge7 8. Ne2
O-O 9. c3 b6 10. Be3 Bb7 11. O-O Qc7 12. Rc1 f5 13. Ng5 Qd7 14. Qb3 d5 15. Nxe6
Qxe6 16. Bxc5 Na5 17. Qa3 bxc5 18. Qxa5 dxe4 19. d4 c4 0-1

[Event "C.to Italiano di Categoria B"]
[Site "Civitanova Marche ITA"]
[Date "2012.07.20"]
[Round "6"]
[White "Chiarion, Elisa"]
[Black "Iori, Massimiliano"]
[WhiteElo "2004"]
[BlackElo "1962"]
[Result "0-1"]
[PlyCount "58"]
[EventDate "2012.07.15"]

1. e4 e5 2. Nf3 Nf6 3. Bc4 Nxe4 4. O-O Be7 5. Nxe5 O-O 6. Nxf7 Rxf7 7. Bxf7+
Kxf7 8. Qh5+ Kf8 9. Qxh7 Nf6 10. Qg6 d5 11. d3 Nc6 12. c3 Ne5 13. Qg3 Bd6 14.
f4 Nh5 15. Qe3 Ng4 16. Qh3 Qe8 17. Bd2 Bf5 18. Qf3 Nhf6 19. h3 Qh5 20. hxg4
Nxg4 21. Qh3 Qg6 22. Re1 Kf7 23. d4 Ne5 24. Qe3 Ng4 25. Qg3 Rh8 26. Re3 Rh5 27.
Kf1 Nxe3+ 28. Qxe3 Rh1+ 29. Kf2 Bd3 0-1

[Event "C.to Italiano di Categoria B"]
[Site "Civitanova Marche ITA"]
[Date "2012.07.20"]
[Round "6"]
[White "Coqueraut, Jean Dominique"]
[Black "Milazzo, Mario"]
[WhiteElo "1809"]
[BlackElo "2077"]
[Result "1/2-1/2"]
[PlyCount "66"]
[EventDate "2012.07.15"]

1. d4 f5 2. g3 Nf6 3. Bg2 g6 4. Nc3 Bg7 5. e4 fxe4 6. Nxe4 Nxe4 7. Bxe4 d5 8.
Bg2 Nc6 9. c3 Bf5 10. Qb3 e6 11. Qxb7 Na5 12. Qb5+ c6 13. Qe2 O-O 14. Nf3 Be4
15. O-O Qf6 16. Ne5 Bxg2 17. Kxg2 Qf5 18. Nd7 Rfd8 19. Nc5 e5 20. g4 Qf7 21.
dxe5 Qe7 22. Nd3 Nc4 23. f4 Nd6 24. Bd2 Re8 25. Rae1 Rf8 26. b3 Rae8 27. h3 Ne4
28. Rf3 g5 29. f5 Bxe5 30. Nxe5 Qxe5 31. Qd3 Qd6 32. b4 Qf6 33. Rfe3 Rd8
1/2-1/2

[Event "C.to Italiano di Categoria B"]
[Site "Civitanova Marche ITA"]
[Date "2012.07.20"]
[Round "6"]
[White "Forlano, Luigi"]
[Black "Buriani, Andrea"]
[WhiteElo "1958"]
[BlackElo "2174"]
[Result "0-1"]
[PlyCount "85"]
[EventDate "2012.07.15"]

1. Nf3 d5 2. g3 Nf6 3. Bg2 c6 4. O-O Bg4 5. h3 Bh5 6. d3 Nbd7 7. Nbd2 e5 8. e4
d4 9. g4 Bg6 10. Nh4 Qc7 11. f4 h6 12. a4 Bd6 13. Nc4 O-O-O 14. Nxd6+ Qxd6 15.
fxe5 Nxe5 16. Bf4 Nfd7 17. Qe1 Bh7 18. Nf5 Bxf5 19. exf5 Rde8 20. Qa5 Kb8 21.
c3 Ka8 22. c4 Nc5 23. Ra3 Na6 24. c5 Qxc5 25. Qd2 Qb4 26. Qc2 Nd7 27. Bd2 Qd6
28. Bf4 Qb4 29. Kh2 Ndc5 30. a5 Re7 31. Rc1 Rd8 32. Bd2 Qb5 33. b4 Nd7 34. Bf4
Nf6 35. Rb3 Nd5 36. Bxd5 Rxd5 37. Qb2 Rd8 38. Rc5 Nxc5 39. bxc5 Qxc5 40. a6 b6
41. Rb4 Re1 42. Rc4 Qd5 43. Qb3 0-1

[Event "C.to Italiano di Categoria B"]
[Site "Civitanova Marche ITA"]
[Date "2012.07.20"]
[Round "6"]
[White "Giancotti, Eraldo"]
[Black "Pierantozzi, Stanislao"]
[WhiteElo "2062"]
[BlackElo "1986"]
[Result "1-0"]
[PlyCount "79"]
[EventDate "2012.07.15"]

1. c4 e5 2. g3 Nf6 3. Bg2 Nc6 4. a3 d5 5. cxd5 Nxd5 6. Nc3 Be6 7. Nf3 Be7 8.
O-O O-O 9. d3 h5 10. Qc2 Nb6 11. Ne4 Nd4 12. Nxd4 exd4 13. Bf4 Rc8 14. Nc5 Bxc5
15. Qxc5 c6 16. Rfe1 h4 17. Be5 h3 18. Bf3 Nd7 19. Qxd4 Nxe5 20. Qxe5 Re8 21.
Qf4 g5 22. Qb4 Qd7 23. Rac1 g4 24. Bh1 b6 25. Qf4 c5 26. Rc3 Qb5 27. Qd2 Red8
28. Rec1 a5 29. b3 Rd6 30. Be4 Qd7 31. Qg5+ Kf8 32. b4 axb4 33. axb4 f5 34.
bxc5 Rxc5 35. Rxc5 bxc5 36. Ra1 fxe4 37. Qf6+ Kg8 38. Ra8+ Qc8 39. Rxc8+ Bxc8
40. Qxd6 1-0

[Event "C.to Italiano di Categoria B"]
[Site "Civitanova Marche ITA"]
[Date "2012.07.20"]
[Round "6"]
[White "Guglielmi, Dante"]
[Black "Tardelli, Andrea"]
[WhiteElo "1897"]
[BlackElo "1736"]
[Result "0-1"]
[PlyCount "84"]
[EventDate "2012.07.15"]

1. c4 e5 2. Nc3 Nc6 3. g3 Nf6 4. Bg2 Bc5 5. e3 d5 6. cxd5 Nb4 7. d3 Nbxd5 8.
Nf3 Nxc3 9. bxc3 e4 10. Nd4 exd3 11. Qxd3 O-O 12. O-O Bb6 13. Qc2 c6 14. Ba3
Re8 15. Rfd1 Bxd4 16. Rxd4 Qa5 17. Qb3 Be6 18. Qb4 Qh5 19. Qc5 Nd5 20. c4 Nc3
21. Bf1 Qxc5 22. Bxc5 b6 23. Ba3 c5 24. Rd3 Ne4 25. Bg2 Bxc4 26. Rd7 Nf6 27.
Rc7 Bd5 28. Rd1 Bxg2 29. Kxg2 Kf8 30. Bb2 Re7 31. Rc6 Rd7 32. Rxd7 Nxd7 33. Rc7
Ke7 34. Rc6 f6 35. f4 Kd8 36. e4 Rc8 37. Rd6 c4 38. Bc3 Ke7 39. e5 fxe5 40.
fxe5 a5 41. Kf3 b5 42. Bxa5 Nxe5+ 0-1

[Event "C.to Italiano di Categoria B"]
[Site "Civitanova Marche ITA"]
[Date "2012.07.20"]
[Round "6"]
[White "Mastroddi, Emiliano"]
[Black "Coronel, Joshua"]
[WhiteElo "2089"]
[BlackElo "1799"]
[Result "1-0"]
[PlyCount "63"]
[EventDate "2012.07.15"]

1. c4 Nf6 2. g3 g6 3. Bg2 Bg7 4. Nc3 O-O 5. d3 c6 6. e4 e5 7. Nge2 d6 8. O-O
Bd7 9. h3 b5 10. a3 a5 11. Bg5 Na6 12. cxb5 cxb5 13. Nd5 h6 14. Nxf6+ Bxf6 15.
Bxh6 Re8 16. Be3 Nc5 17. b4 axb4 18. axb4 Na6 19. Qd2 Kh7 20. Ra5 Rh8 21. Rfa1
Qc8 22. g4 Kg7 23. Nc3 Bd8 24. R5a3 Rh7 25. Nd5 Be6 26. Qa2 Ba5 27. Rxa5 Bxg4
28. Rxa6 Bxh3 29. Rxa8 Bxg2 30. Rxc8 Bf3 31. Rg8+ Kxg8 32. Nf6+ 1-0

[Event "C.to Italiano di Categoria B"]
[Site "Civitanova Marche ITA"]
[Date "2012.07.20"]
[Round "6"]
[White "Monducci, Mirko"]
[Black "Rinaudo, Andrea"]
[WhiteElo "1918"]
[BlackElo "2103"]
[Result "1/2-1/2"]
[PlyCount "126"]
[EventDate "2012.07.15"]

1. d4 d5 2. Nc3 Nf6 3. Bg5 Nbd7 4. f3 h6 5. Bh4 e6 6. e4 dxe4 7. fxe4 g5 8. Bf2
Bb4 9. Bd3 c5 10. dxc5 Nxc5 11. Bb5+ Ke7 12. e5 Bxc3+ 13. bxc3 Qxd1+ 14. Rxd1
Nfe4 15. Bd4 a6 16. Be2 b6 17. Bf3 Bb7 18. Ne2 Bd5 19. a3 Rab8 20. O-O Rhg8 21.
h3 Rgd8 22. Kh2 Rbc8 23. Rfe1 Na4 24. Bxe4 Bxe4 25. Rc1 b5 26. Ng3 Bxc2 27. Nf1
Bg6 28. Ne3 Nc5 29. Rf1 Nb3 30. Rcd1 Nxd4 31. cxd4 Rc3 32. Ng4 Rxa3 33. Rc1
Rxd4 34. Rc7+ Rd7 35. Rc8 f5 36. exf6+ Kd6 37. Rfc1 h5 38. R8c6+ Kd5 39. R6c5+
Kd6 40. Ne5 Ra7 41. Nxg6 Rf7 42. Rc8 Kd5 43. Rf1 g4 44. h4 g3+ 45. Kh3 b4 46.
Nf4+ Kd6 47. Nxh5 b3 48. Rb8 a5 49. Rf3 a4 50. Nxg3 Ra2 51. Ne4+ Kc7 52. Rb4
Rc2 53. Rxa4 b2 54. Rb4 Kc6 55. Rfb3 Kd5 56. Rb7 Kxe4 57. Rxf7 Rc3+ 58. Rxc3
b1=Q 59. Rf3 Qh1+ 60. Kg3 Qe1+ 61. Kg4 Qg1 62. Rf4+ Ke5 63. g3 Qd1+ 1/2-1/2

[Event "C.to Italiano di Categoria B"]
[Site "Civitanova Marche ITA"]
[Date "2012.07.20"]
[Round "6"]
[White "Panella, Fiammetta"]
[Black "Teutsch, Alexander"]
[WhiteElo "2043"]
[BlackElo "2089"]
[Result "1/2-1/2"]
[PlyCount "39"]
[EventDate "2012.07.15"]

1. e4 e5 2. Nf3 d6 3. d4 exd4 4. Nxd4 Nf6 5. Nc3 Be7 6. Bc4 O-O 7. O-O Nxe4 8.
Nxe4 d5 9. Bd3 dxe4 10. Bxe4 Re8 11. c3 Bd6 12. Bf3 c6 13. Qc2 Nd7 14. Nf5 Bf8
15. Bf4 Qf6 16. Bg3 Ne5 17. Be4 Ng6 18. Bd3 Ne5 19. Be4 Ng6 20. Bd3 1/2-1/2

[Event "C.to Italiano di Categoria B"]
[Site "Civitanova Marche ITA"]
[Date "2012.07.20"]
[Round "6"]
[White "Renzi, Marco"]
[Black "Brociner, Beniamino"]
[WhiteElo "1983"]
[BlackElo "1961"]
[Result "1-0"]
[PlyCount "35"]
[EventDate "2012.07.15"]

1. e4 c5 2. Nf3 e6 3. Nc3 Nc6 4. d4 cxd4 5. Nxd4 Nf6 6. Nxc6 bxc6 7. e5 Nd5 8.
Nxd5 cxd5 9. Bd3 Bc5 10. Qg4 g6 11. Bg5 Qb6 12. O-O Qxb2 13. Bf6 O-O 14. h4 Qb4
15. Qg5 Re8 16. h5 Be7 17. hxg6 Bxf6 18. gxh7+ 1-0

[Event "C.to Italiano di Categoria B"]
[Site "Civitanova Marche ITA"]
[Date "2012.07.20"]
[Round "6"]
[White "Rinaudo, Sergio"]
[Black "Brioschi, Camillo"]
[WhiteElo "2154"]
[BlackElo "1836"]
[Result "1/2-1/2"]
[PlyCount "104"]
[EventDate "2012.07.15"]

1. d4 Nf6 2. Nf3 e6 3. c4 d5 4. Nc3 Be7 5. e3 c6 6. Bd3 dxc4 7. Bxc4 b5 8. Bd3
a6 9. e4 Bb7 10. e5 Nd5 11. Nxd5 Qxd5 12. Be3 Nd7 13. O-O c5 14. dxc5 Nxe5 15.
Be2 O-O-O 16. Qc2 Bf6 17. Rac1 Qc6 18. b4 g5 19. Rfd1 g4 20. Ne1 h5 21. Rd6
Rxd6 22. cxd6 Qxc2 23. Rxc2+ Kb8 24. Bc5 Bc6 25. a4 Kb7 26. axb5 axb5 27. Ra2
Ra8 28. Rxa8 Kxa8 29. Nc2 Kb7 30. Nd4 Ka6 31. Nxc6 Nxc6 32. f3 Nd4 33. Bd1 gxf3
34. gxf3 h4 35. Kf2 Kb7 36. f4 Kc6 37. Bh5 e5 38. fxe5 Bxe5 39. Bxf7 Kd7 40.
Bg6 Ne6 41. Bd3 Kc6 42. d7 Kxd7 43. Bxb5+ Kc7 44. Be7 Bxh2 45. Bxh4 Bd6 46. Bg3
Nd4 47. Bxd6+ Kxd6 48. Ba4 Nc6 49. b5 Na5 50. Ke3 Kc5 51. Ke4 Nb7 52. Ke5 Nd6
1/2-1/2

[Event "C.to Italiano di Categoria B"]
[Site "Civitanova Marche ITA"]
[Date "2012.07.20"]
[Round "6"]
[White "Rorato, Renzo"]
[Black "Bossoni, Mario"]
[WhiteElo "2053"]
[BlackElo "1919"]
[Result "0-1"]
[PlyCount "86"]
[EventDate "2012.07.15"]

1. d4 Nf6 2. Nf3 c5 3. d5 b5 4. a4 b4 5. Bg5 d6 6. Bxf6 gxf6 7. e4 Bg7 8. Bb5+
Kf8 9. Nbd2 Nd7 10. Rb1 a6 11. Bd3 Qc7 12. Nc4 Nb6 13. Nxb6 Qxb6 14. b3 Bg4 15.
h3 Bd7 16. Nd2 a5 17. Qe2 Qb7 18. f4 Re8 19. Bb5 e6 20. dxe6 Rxe6 21. O-O f5
22. Bxd7 Qxd7 23. Qb5 Bd4+ 24. Kh1 Qxb5 25. axb5 fxe4 26. f5 Re8 27. Nc4 d5 28.
Nxa5 Ke7 29. Nc6+ Kd6 30. Nxd4 cxd4 31. Rfd1 Kc5 32. Ra1 Ra8 33. Ra6 Rxa6 34.
bxa6 Ra8 35. Ra1 Kb5 36. a7 Kb6 37. Rd1 Rxa7 38. Rxd4 Kc5 39. Rd2 e3 40. Re2
Kd4 41. g4 Ke4 42. Kg2 d4 43. Kg3 Ra1 0-1

[Event "C.to Italiano di Categoria B"]
[Site "Civitanova Marche ITA"]
[Date "2012.07.20"]
[Round "6"]
[White "Santeramo, Domenico"]
[Black "Arnetta, Maria Teresa"]
[WhiteElo "2042"]
[BlackElo "2013"]
[Result "1/2-1/2"]
[PlyCount "92"]
[EventDate "2012.07.15"]

1. e4 c5 2. Nf3 Nc6 3. d4 cxd4 4. Nxd4 e5 5. Nb5 d6 6. N1c3 a6 7. Na3 b5 8. Nd5
Nge7 9. c4 Nxd5 10. exd5 Nd4 11. cxb5 Qh4 12. bxa6 Be7 13. Be3 O-O 14. Bxd4
exd4 15. Bd3 Bf6 16. O-O Be5 17. g3 Qh3 18. f4 Bf6 19. Qe2 h5 20. Qg2 Qd7 21.
Rfe1 Bxa6 22. Bxa6 Rxa6 23. Nc4 Qa7 24. Qe4 Ra4 25. b3 d3+ 26. Kf1 Rb4 27. Rad1
d2 28. Re3 Qxa2 29. Rxd2 Qa1+ 30. Re1 Qc3 31. Rd3 Qc2 32. Qe2 Qxe2+ 33. Rxe2
Rfb8 34. Ree3 Rd8 35. Na5 Ra8 36. Nc6 Rb5 37. b4 Ra1+ 38. Re1 Ra2 39. Re2 Ra1+
40. Kf2 Rc1 41. Re8+ Kh7 42. Ree3 Rc2+ 43. Re2 Rc1 44. Kf3 Bc3 45. Re4 Bf6 46.
h3 Rh1 1/2-1/2

[Event "C.to Italiano di Categoria B"]
[Site "Civitanova Marche ITA"]
[Date "2012.07.20"]
[Round "6"]
[White "Spornberger, Andre"]
[Black "Pacilli, Emanuele"]
[WhiteElo "1982"]
[BlackElo "2168"]
[Result "1/2-1/2"]
[PlyCount "126"]
[EventDate "2012.07.15"]

1. e4 d5 2. exd5 Qxd5 3. Nc3 Qd6 4. d4 Nf6 5. Nf3 a6 6. a4 b6 7. h3 Bb7 8. Be3
Nbd7 9. Be2 e6 10. Qd2 Rd8 11. Rd1 Qc6 12. Bd3 Bb4 13. O-O Nd5 14. Be4 Bxc3 15.
Bxd5 Bxd2 16. Bxc6 Bxc6 17. Rxd2 Bxa4 18. Ra1 Bb5 19. b3 Nb8 20. Bf4 Rc8 21. c4
Bd7 22. Ne5 f6 23. Nxd7 Kxd7 24. d5 e5 25. Be3 f5 26. f3 Ke7 27. c5 bxc5 28.
Bxc5+ Kf7 29. Ba7 Rhd8 30. Bxb8 Rxb8 31. Rxa6 Rb6 32. Ra7 Rd7 33. d6 Rdxd6 34.
Rxc7+ Kf6 35. Rxd6+ Rxd6 36. Rb7 Rd2 37. b4 Rb2 38. b5 g6 39. b6 Kg5 40. g3 f4
41. h4+ Kf6 42. g4 h6 43. Rb8 Kg7 44. b7 Kh7 45. Kf1 Kg7 46. Ke1 Kh7 47. Kd1
Kg7 48. Kc1 Rb6 49. Kd2 Rb3 50. Kc2 Rb6 51. Kd3 Rb4 52. Kc3 Rb1 53. Kd3 Rb4 54.
g5 hxg5 55. hxg5 Kh7 56. Kc3 Rb1 57. Kc4 Kg7 58. Kd5 Rd1+ 59. Kxe5 Re1+ 60.
Kxf4 Rb1 61. Kg4 Rg1+ 62. Kh3 Rh1+ 63. Kg2 Rb1 1/2-1/2

[Event "C.to Italiano di Categoria B"]
[Site "Civitanova Marche ITA"]
[Date "2012.07.20"]
[Round "6"]
[White "Traversi, Carlo"]
[Black "Gaglianese, Marco"]
[WhiteElo "1586"]
[BlackElo "1724"]
[Result "1/2-1/2"]
[PlyCount "120"]
[EventDate "2012.07.15"]

1. e4 Nf6 2. Nc3 d5 3. e5 d4 4. exf6 dxc3 5. bxc3 exf6 6. Nf3 Bg4 7. Be2 Bd6 8.
O-O O-O 9. Re1 Re8 10. Rb1 b6 11. d4 Nd7 12. Be3 f5 13. h3 Bh5 14. d5 Nf6 15.
Bg5 h6 16. Bxf6 Qxf6 17. Qd4 Qxd4 18. Nxd4 Bxe2 19. Rxe2 Rxe2 20. Nxe2 Re8 21.
Kf1 Re5 22. Rd1 Kf8 23. Nd4 a6 24. c4 Bc5 25. f3 g6 26. Rd3 Ke8 27. Nc6 Re3 28.
Rxe3+ Bxe3 29. a4 a5 30. Ke2 Bf4 31. Kd3 Bd6 32. Nd4 Kd7 33. Nc6 f6 34. Nb8+
Kc8 35. Nc6 Bc5 36. Na7+ Kd7 37. Nc6 h5 38. Ke2 Kd6 39. Kd3 g5 40. g4 hxg4 41.
hxg4 fxg4 42. fxg4 Ba3 43. Kc3 Kc5 44. Kb3 Bc1 45. Kc3 Bf4 46. Kd3 Be5 47. c3
Bg3 48. Nd8 Kd6 49. Nc6 Be5 50. Nd8 Bf4 51. Nc6 Bg3 52. Kd4 Bf2+ 53. Kd3 Be1
54. Kd4 Kd7 55. Nb8+ Ke8 56. Na6 Bg3 57. c5 Bf2+ 58. Kc4 Kd7 59. Nb8+ Kc8 60.
Na6 Kb7 1/2-1/2

[Event "C.to Italiano di Categoria B"]
[Site "Civitanova Marche ITA"]
[Date "2012.07.20"]
[Round "6"]
[White "Vesce, Emanuele"]
[Black "Sagripanti, Michele"]
[WhiteElo "1872"]
[BlackElo "1981"]
[Result "0-1"]
[PlyCount "64"]
[EventDate "2012.07.15"]

1. e4 g6 2. d4 Bg7 3. Nc3 c5 4. Nf3 cxd4 5. Nxd4 Nc6 6. Be3 d6 7. Qd2 Nf6 8. f3
O-O 9. Bc4 Nd7 10. Bb3 Nb6 11. Nxc6 bxc6 12. Bh6 Be6 13. h4 Bxb3 14. axb3 f6
15. Ne2 Qd7 16. Be3 f5 17. h5 fxe4 18. hxg6 hxg6 19. Bh6 e3 20. Qd3 Qf5 21.
Qxf5 Rxf5 22. Bxg7 Kxg7 23. Nd4 Rd5 24. Ne6+ Kf6 25. Nc7 Rd2 26. Nxa8 Nxa8 27.
f4 Rxg2 28. Rxa7 Nb6 29. Rh3 Nd5 30. Ra4 Rxc2 31. Rc4 Rxb2 32. Rxc6 Rb1+ 0-1

[Event "C.to Italiano di Categoria B"]
[Site "Civitanova Marche ITA"]
[Date "2012.07.21"]
[Round "7"]
[White "Allegranti, Luca"]
[Black "Rinaudo, Sergio"]
[WhiteElo "1974"]
[BlackElo "2154"]
[Result "0-1"]
[PlyCount "60"]
[EventDate "2012.07.15"]

1. d4 d5 2. Nc3 Nf6 3. Bg5 Bf5 4. f3 Nbd7 5. Nxd5 Nxd5 6. e4 h6 7. Bc1 Be6 8.
exd5 Bxd5 9. c4 Be6 10. Bd3 Nf6 11. Ne2 g6 12. Be3 Bg7 13. Qd2 c6 14. O-O Qd7
15. b4 Bf5 16. Rfd1 Bxd3 17. Qxd3 O-O 18. Rab1 b5 19. cxb5 cxb5 20. Nc3 Nd5 21.
Ne4 Nxe3 22. Qxe3 Qd5 23. Rd2 Rfd8 24. Rbd1 a5 25. bxa5 Rxa5 26. Nc5 Rxa2 27.
Rxa2 Qxa2 28. Qxe7 Rxd4 29. Nd3 Rxd3 30. Rxd3 Qb1+ 0-1

[Event "C.to Italiano di Categoria B"]
[Site "Civitanova Marche ITA"]
[Date "2012.07.21"]
[Round "7"]
[White "Arnetta, Maria Teresa"]
[Black "Gattafoni, Alessio"]
[WhiteElo "2013"]
[BlackElo "1985"]
[Result "0-1"]
[PlyCount "58"]
[EventDate "2012.07.15"]

1. e4 e6 2. d4 d5 3. e5 c5 4. Qg4 cxd4 5. Nf3 Nc6 6. Bd3 Qc7 7. O-O Nge7 8. Re1
Bd7 9. a3 Ng6 10. Qg3 O-O-O 11. Bg5 Re8 12. Bd2 f6 13. Bxg6 hxg6 14. c3 fxe5
15. cxd4 exd4 16. Bf4 e5 17. Bxe5 Nxe5 18. Nxe5 Bd6 19. f4 Bxe5 20. fxe5 Qc2
21. Qf4 Rhf8 22. Qxd4 Qa4 23. Qc5+ Bc6 24. Nc3 Qb3 25. Rad1 d4 26. Rxd4 Qxb2
27. Re2 Qb3 28. Rd1 Rd8 29. Rb1 Qxb1+ 0-1

[Event "C.to Italiano di Categoria B"]
[Site "Civitanova Marche ITA"]
[Date "2012.07.21"]
[Round "7"]
[White "Brociner, Beniamino"]
[Black "Monducci, Mirko"]
[WhiteElo "1961"]
[BlackElo "1918"]
[Result "1-0"]
[PlyCount "79"]
[EventDate "2012.07.15"]

1. Nf3 Nf6 2. g3 d5 3. Bg2 c6 4. O-O e6 5. d4 Bd6 6. b3 Nbd7 7. Bb2 O-O 8. Nbd2
Re8 9. c4 Nf8 10. Re1 Ne4 11. Qc2 f5 12. Nxe4 fxe4 13. Ne5 Nd7 14. f3 Nxe5 15.
dxe5 Bc5+ 16. Kh1 Bb4 17. Red1 exf3 18. exf3 Qe7 19. f4 g6 20. Rd3 Bd7 21. g4
Rad8 22. Rg3 dxc4 23. bxc4 Bc8 24. f5 Rd2 25. Qb3 Red8 26. Rf1 Bc5 27. f6 Qf7
28. h4 Re2 29. Bc3 Qd7 30. g5 Kf7 31. h5 Re3 32. Rxe3 Bxe3 33. Ba5 Bb6 34. Bxb6
axb6 35. hxg6+ hxg6 36. Qh3 Rf8 37. Qh7+ Ke8 38. Qxg6+ Kd8 39. Qh5 Kc7 40. Rd1
1-0

[Event "C.to Italiano di Categoria B"]
[Site "Civitanova Marche ITA"]
[Date "2012.07.21"]
[Round "7"]
[White "Buriani, Andrea"]
[Black "Renzi, Marco"]
[WhiteElo "2174"]
[BlackElo "1983"]
[Result "0-1"]
[PlyCount "83"]
[EventDate "2012.07.15"]

1. d4 d5 2. Nf3 Nf6 3. e3 Bf5 4. c4 c6 5. cxd5 Nxd5 6. Nbd2 Nf6 7. Bc4 e6 8.
O-O Bd6 9. Re1 Ne4 10. Nxe4 Bxe4 11. Nd2 Bg6 12. e4 O-O 13. Qg4 Nd7 14. e5 Bc7
15. Ne4 Nb6 16. Bb3 Nd5 17. Bg5 Qd7 18. h4 Bd8 19. Qg3 Bxg5 20. hxg5 Rfd8 21.
Nd6 Ne7 22. Red1 Nf5 23. Nxf5 Bxf5 24. Qe3 Qe7 25. a3 Rd7 26. Rd2 Qd8 27. Rad1
Qb6 28. f3 Rad8 29. Kh2 c5 30. Qc3 Qc7 31. Kh1 Qb6 32. Ba2 c4 33. Bxc4 Qc7 34.
Ba2 Qb6 35. Bc4 Kf8 36. Be2 Ke7 37. Bc4 Ke8 38. Ba2 Bg6 39. Kh2 Kf8 40. Kh1 Ke8
41. Kh2 Qc7 42. Kh1 0-1

[Event "C.to Italiano di Categoria B"]
[Site "Civitanova Marche ITA"]
[Date "2012.07.21"]
[Round "7"]
[White "Coronel, Joshua"]
[Black "Andrenelli, Adriano"]
[WhiteElo "1799"]
[BlackElo "1934"]
[Result "1-0"]
[PlyCount "107"]
[EventDate "2012.07.15"]

1. e4 d5 2. exd5 Qxd5 3. Nc3 Qd6 4. Bc4 c6 5. d4 Nf6 6. Bg5 Nbd7 7. Qd2 Nb6 8.
Bb3 Be6 9. Nf3 Bxb3 10. axb3 e6 11. O-O Be7 12. Rfe1 O-O 13. Bf4 Qd8 14. Ne4
Nbd5 15. Bg3 Nxe4 16. Rxe4 Nf6 17. Rh4 Nd7 18. Rh3 Re8 19. b4 Nf8 20. Bh4 f6
21. Bg3 Qb6 22. c3 a5 23. bxa5 Rxa5 24. Rxa5 Qxa5 25. Bf4 Qa1+ 26. Ne1 Rd8 27.
Qe2 Ra8 28. Rg3 Qb1 29. Bh6 Ng6 30. Qxe6+ Kf8 31. Bxg7+ Kxg7 32. Qxe7+ Kg8 33.
b4 Ra1 34. Qe6+ Kg7 35. Kf1 Qc1 36. Re3 Qd2 37. Qd7+ Kg8 38. Qc8+ Kg7 39. Qxb7+
Kh6 40. Qxc6 Rxe1+ 41. Rxe1 Qd3+ 42. Kg1 Qd2 43. Qe8 Kg7 44. Qe3 Qc2 45. d5 Ne5
46. d6 Qf5 47. Qe4 Qc8 48. f4 Nf7 49. Qd4 Qd7 50. Re7 Qa4 51. d7 Qa1+ 52. Kf2
Qa2+ 53. Kg3 Qb1 54. h3 1-0